000
00310nam a22001457a 4500
020
_a
978-93-89325-70-8
082
_a
894.812-1
_b
NIL/N
100
_a
NILEENA C.B
245
_a
NINAVUKAL
260
_a
KOZHIKODE
_b
OLIVU PUBLICATIONS
_c
2020
300
_a
74
520
_a
POETRY
650
_a
POETRY
942
_c
BK
999
_c
4170
_d
4170